| 000 | 00456nam a2200169Ia 4500 | ||
|---|---|---|---|
| 003 | LK-CoDNM | ||
| 008 | 010623t1948 xxu||||| |||| 00| 1 eng d | ||
| 040 |
_aLK-CoDNM _dLK-CoDNM _eLK-CoDNM |
||
| 041 | _aeng | ||
| 080 |
_a75:73 _bBAR |
||
| 100 |
_aBarr, Alfred H. _eed. |
||
| 245 | _aPainting sculpture in the Museum of Modern Art | ||
| 260 |
_bThe museum of modern art _aNew York _c1948 |
||
| 300 | _b327, 25.5 cm | ||
| 650 | _aModern Art | ||
| 942 | _cBK | ||
| 999 |
_c101260 _d101260 |
||